Normal view
MARC view
Entry Corporate Name
001 - CONTROL NUMBER
- control field: 12539
003 - CONTROL NUMBER IDENTIFIER
- control field: ARRUPE
005 - DATE AND TIME OF LATEST TRANSACTION
- control field: 20141112110720.0
008 - FIXED-LENGTH DATA ELEMENTS
- fixed length control field: 141112|| aca||aabn | a|a d
040 ## - CATALOGING SOURCE
- Original cataloging agency: ARRUPE
- Transcribing agency: ARRUPE
110 ## - HEADING--CORPORATE NAME
- Corporate name or jurisdiction name as entry element: Catholic Church
- General subdivision: Doctrines
- Form subdivision: Congresses.
670 ## - SOURCE DATA FOUND
- Source citation: Work cat.: (ARRUPE)0: College Theology Society. Meeting (50th : 2004 : The Catholic University of America) 12538, New horizons in theology /, c2005.